| 000 | 00527nam a22002057a 4500 | ||
|---|---|---|---|
| 001 | 00028518 | ||
| 005 | 20260310142221.0 | ||
| 008 | 260310b ag ||||| |||| 00| 0 spa d | ||
| 020 | _a8485081919 | ||
| 040 |
_bspa _cAR-CcCEOS |
||
| 080 | _a343.9 | ||
| 090 | _bFOU | ||
| 100 | 1 |
_aFoucault, Michel, _d1926-1984 _9838 |
|
| 245 |
_aEl pensamiento del afuera / _cMichel Foucault |
||
| 250 | _a1a ed. | ||
| 260 |
_aEspaña : _bPre Textos, _cc1988 |
||
| 300 |
_a82 p. ; _c19x13 cm. |
||
| 650 | 0 | _afilosofía | |
| 942 |
_2udc _cBK |
||
| 999 |
_c28548 _d28548 |
||
| 945 |
_a66467 _bMelina Rolando _c66467 _dMelina Rolando |
||